00736nam a2200205 i 4500001000700000003000900007005001700016007000300033008004100036100004000077245011200117260003200229300002200261490001700283700002800300830002500328852003200353999001900385952012600404101330ES-MaACL20250829062545.0t|051017s1959 sp ||||1| spa d1 aMaurois, André,d1885-196797926710aPara piano solo / cpor André Maurois, [seud.] de Emile Herzog; [versión castellana de Leonor Muñoz]. aBarcelona : bG.P., c1959. a140 p. ; c18 cm.1 aLibros Plaza1 aMuñoz, Leonor.9843240 aLibros Plaza9181449 aES-MaACLjC-17517 bR.44819 c101330d101330 00104070aATENEOMbATENEOMcGaleríad2008-01-17eSCl0oC-17517p1105791r2023-02-23 00:00:00w2023-02-23yMONOGRAFIA